000 00656nam a2200241Ia 4500
003 OSt
005 20220924122711.0
006 a|||||r|||| 00| 0
007 ta
008 220923b |||||||| |||| 00| 0 urd d
020 _c10.00
024 _a318773
037 _cTextual
040 _aARTS
_cARTS
_burd
041 _2urd
_aurd
082 _aO168,3NMA11x, L8
100 _aShanas Miyan Mardam Au.
_9190397
245 0 _aAaine
260 _aLucknow
_bMaktaba albadar kakori India
_c1978
650 _aURDU FICTION
_93298
942 _hO168,3NMA11x, L8
_cTEXL
_2CC
999 _c412715
_d412715